טוען...
Introduction to Aural rehabilitation
| Main Authors: | , |
|---|---|
| יצא לאור: |
Boston, Allyn and Bacon
1989
|
| מהדורה: | 2 |
| סדרה: | Perspectives in audiology series
|
| נושאים: |
| LEADER | 005530000a22001810004500 | ||
|---|---|---|---|
| 020 | |a 0-205-13535-8 | ||
| 082 | |a 617.89 M9 | ||
| 100 | |a Nerbonne, Michael A | ||
| 100 | |a Schow, Ronald L | ||
| 245 | |a Introduction to Aural rehabilitation | ||
| 250 | |a 2 | ||
| 260 | |a Boston, Allyn and Bacon | ||
| 260 | |c 1989 | ||
| 490 | |a Perspectives in audiology series | ||
| 650 | |a Audiology | ||
| 650 | |a Deaf rehabilitation | ||
| 999 | |c 88401 |d 88401 | ||
| 952 | |0 0 |1 0 |4 0 |6 617_890000000000000_M9 |7 0 |9 80736 |a SBES |b SBES |d 2016-08-12 |l 0 |o 617.89 M9 |p SBES01549 |r 2016-08-12 |w 2016-08-12 | ||